| 000 | 01509cam a2200385 4500 | ||
|---|---|---|---|
| 999 |
_c3192 _d3192 |
||
| 001 | 350743 | ||
| 003 | OSt | ||
| 005 | 20231101094824.0 | ||
| 008 | 221003s2014 nyua c 000 1 eng d | ||
| 020 |
_a9781481421843 : _q(hbk.) : |
||
| 035 | _a(OCoLC)889950017 | ||
| 040 |
_aHQD _beng _cHQD _dOCLCO _dYDXCP _dSINLB _dOCLCO _dCGP _dOCLCO _dBKL _dZHB _dVP@ _dIHI _dOCLCF _dOCLCQ _dOCLCO _dKH8 |
||
| 042 | _anbic | ||
| 082 | 0 | _aFIC RUS | |
| 100 | 1 |
_aRussell, Rachel Renée, _eaut. |
|
| 245 | 1 | 0 |
_aTales from a not-so-happily ever after / _cRachel Renée Russell with Nikki Russell and Erin Russell. |
| 250 | _a1st Aladdin hardcover ed. | ||
| 260 |
_aNew York : _bAladdin, _c2014. |
||
| 300 |
_a295 p. : _bill. ; _c21 cm. |
||
| 490 | 1 |
_aDork diaries ; _v8. |
|
| 520 | _aA bump on the head suffered during gym class causes middle school drama queen Nikki Maxwell to have a crazy dream where all of her acquaintances assume the roles of familiar fairy tale characters. | ||
| 521 | 1 | _aAges 9-13. | |
| 521 | 2 | _aMiddle grade. | |
| 650 | 0 |
_aMiddle schools _vJuvenile fiction. |
|
| 650 | 0 |
_aSchools _vJuvenile fiction. |
|
| 650 | 0 |
_aDiaries _vJuvenile fiction. |
|
| 650 | 0 |
_aFairy tales _vJuvenile fiction. |
|
| 650 | 0 |
_aDreams _vJuvenile fiction. |
|
| 650 | 0 |
_aCharacters and characteristics in literature _vJuvenile fiction. |
|
| 655 | 7 |
_aHumorous fiction. _2gsafd. |
|
| 700 | 1 |
_aRussell, Nikki, _eaut. |
|
| 700 | 1 |
_aRussell, Erin, _eaut. |
|
| 800 | 1 |
_aRussell, Rachel Renée. _tDork diaries ; _v8. |
|
| 942 |
_2ddc _cFIC |
||